000 00568nam a2200217Ia 4500
003 OSt
005 20221007082839.0
006 a|||||r|||| 00| 0
007 ta
008 221006b |||||||| |||| 00| 0 eng d
024 _a30,310
037 _cDissertations
040 _aFLL
_cFLL
_beng
041 _2eng
_aeng
100 _aManoj Kumar
_9405412
245 0 _aAnalysis of the stockholm convention on human environment
_b current position
260 _c2007
300 _a164p
_ccm.
942 _cDIS
_2CC
999 _c1167938
_d1167938